Los músicos underground (Record no. 43694)

MARC details
000 -LEADER
fixed length control field 00489nam a22001697a 4500
008 - FIXED-LENGTH DATA ELEMENTS--GENERAL INFORMATION
fixed length control field 131022t sp||||| |||| 00| 0 spa d
020 ## - INTERNATIONAL STANDARD BOOK NUMBER
International Standard Book Number 8449315735
050 04 - LIBRARY OF CONGRESS CALL NUMBER
Classification number ML3838
Item number S43 2004
100 1# - MAIN ENTRY--PERSONAL NAME
Personal name Seca, Jean-Marie
245 13 - TITLE STATEMENT
Title Los músicos underground
Statement of responsibility, etc Jean-Marie Seca.
260 ## - PUBLICATION, DISTRIBUTION, ETC. (IMPRINT)
Place of publication, distribution, etc España :
Name of publisher, distributor, etc Paidós,
Date of publication, distribution, etc 2004
300 ## - PHYSICAL DESCRIPTION
Extent 254 p.
Dimensions 23 cm.
440 #0 - SERIES STATEMENT/ADDED ENTRY--TITLE
Title Paidós de música
504 ## - BIBLIOGRAPHY, ETC. NOTE
Bibliography, etc Incluye bibliografía e índice
Number of references p. 229-241
650 #4 - SUBJECT ADDED ENTRY--TOPICAL TERM
Topical term or geographic name as entry element Música
General subdivision Sociología
942 ## - ADDED ENTRY ELEMENTS (KOHA)
Source of classification or shelving scheme Biblioteca del Cogreso de los Estados Unidos
Koha item type Libro
Holdings
Estado de pérdida Fuente de clasificación Estado del daño No para préstamo Ubicación permanente Ubicación actual Apartado o colección Fecha de adquisición Fuente de adquisición Enumeración de Serie / Cronológica Dependencia de educación superior (DES) Área del conocimiento Clasificación Código de Barras Date last seen Número de copia Tipo de recurso
  Biblioteca del Cogreso de los Estados Unidos     Biblioteca de la Facultad de Psicología Biblioteca de la Facultad de Psicología General 22/10/2013   BFP000006061     ML3838 S43 2004 BFP000006061 22/10/2013 1 Libro